| 000 | 00553nam a22002177a 4500 | ||
|---|---|---|---|
| 003 | OSt | ||
| 005 | 20140310181914.0 | ||
| 008 | 130715t xxu||||| |||| 00| 0 eng d | ||
| 020 | _a9788126133581 | ||
| 050 |
_aQA 43 _b.M426 2007 |
||
| 082 |
_aTR 510 _bM42 2007 |
||
| 100 |
_aWells, M.G., Editor. _9258 |
||
| 245 | _aMathematics quiz / | ||
| 260 |
_aIndia : _bAnmol Publication, _cc2007. |
||
| 300 |
_a219 p. _bill. ; _c22 cm. |
||
| 521 | _aFaculty | ||
| 541 | _j1 | ||
| 562 | _e1 | ||
| 650 |
_aMathematics _9210 |
||
| 942 |
_2lcc _cBK-TR _kTR |
||
| 999 |
_c6654 _d6654 |
||